[Event "Rethymno op 5th"]
[Site "Rethymno"]
[Date "2013.07.29"]
[Round "2"]
[White "Spathopoulos, Diogenis"]
[Black "Krishna, C Revanth Gopala"]
[Result "1/2-1/2"]
[WhiteElo "1990"]
[BlackElo "2339"]
[PlyCount "124"]
[EventDate "2013.07.28"]
[EventType "swiss"]
[EventRounds "9"]
[EventCountry "GRE"]
[SourceTitle "CBM 155 Extra"]
[Source "ChessBase"]
[SourceDate "2013.08.26"]
[SourceVersion "1"]
[SourceVersionDate "2013.08.26"]
[SourceQuality "1"]

1. e4 e6 2. d4 d5 3. e5 c5 4. c3 Bd7 5. Nf3 Nc6 6. a3 Qb6 7. b4 cxd4 8. cxd4 Nh6 9. Be3 Nf5 10. Bd3 Nxe3 11. fxe3 g6 12. 0-0 Bh6 13. Qe2 Rc8 14. Nbd2 a5 15. b5 Ne7 16. Nb3 0-0 17. Rac1 Nf5 18. Rxc8 Rxc8 19. g4 Ne7 20. a4 Be8 21. Qd2 Ra8 22. Rc1 Nc6 23. h4 Nb4 24. g5 Bf8 25. Nh2 h5 26. gxh6 Bxh6 27. Ng4 Bg7 28. h5 Qd8 29. hxg6 Qg5 30. Be2 b6 31. Rc7 Qxg6 32. Kf2 Qf5+ 33. Kg3 f6 34. exf6 Bf8 35. e4 dxe4 36. Nh6+ Bxh6 37. Qxh6 Qg6+ 38. Qxg6+ Bxg6 39. Rg7+ Kf8 40. Rxg6 Rc8 41. Kf4 Rc3 42. Rh6 Rxb3 43. Bh5 Nd5+ 44. Ke5 Rg3 45. f7 Rg5+ 46. Kd6 Rxh5 47. Rxh5 Kxf7 48. Re5 Nc3 49. Rxe6 Nxa4 50. Rxe4 Nb2 51. Kc6 a4 52. d5 a3 53. Kxb6 a2 54. Re1 Nc4+ 55. Kc7 Na3 56. b6 Nb1 57. Rf1+ Kg6 58. b7 a1Q 59. b8Q Qc3+ 60. Kb7 Qb3+ 61. Kc7 Qc4+ 62. Kd7 Qxf1 1/2-1/2